Producción estratégica y hegemonía mundial

保存先:
書誌詳細
主要な著者: Ceceña, Ana Esther (著者), Barreda, Andrés (著者), Amador Zamora, Edgar (著者), Flores, Gonzalo (著者), Lagunas, Oscar (著者), Ocampo, Nashelly (著者), Ornelas, Raúl (著者), Palma, Leticia (著者), Peña, Ana Alicia (著者), Porras, Paula (著者), Reyes, Noé (著者)
フォーマット: 図書
言語:スペイン語
出版事項: Cuernavaca Siglo Veintiuno Editores 1995
版:1a. ed
主題:
タグ: タグ追加
タグなし, このレコードへの初めてのタグを付けませんか!

MARC

LEADER 00000cam a2200000 a 4500
001 UCE1467
003 CL-VaPUC
008 140414e19950000mx |||||||||||||||||spa|d
020 |a 968231948X 
082 0 4 |a 300  |b CEC  |2 21 
100 0 |a Ceceña, Ana Esther  |e author  |9 573792 
700 0 |a Barreda, Andrés  |e author  |9 573793 
700 0 |a Amador Zamora, Edgar  |e author  |9 573794 
700 0 |a Flores, Gonzalo  |e author  |9 573795 
700 0 |a Lagunas, Oscar  |e author  |9 573796 
700 0 |a Ocampo, Nashelly  |e author  |9 573797 
700 0 |a Ornelas, Raúl  |e author  |9 573798 
700 0 |a Palma, Leticia  |e author  |9 573799 
700 0 |a Peña, Ana Alicia  |e author  |9 573800 
700 0 |a Porras, Paula  |e author  |9 573801 
700 0 |a Reyes, Noé  |e author  |9 573802 
245 1 0 |a Producción estratégica y hegemonía mundial 
250 |a 1a. ed 
300 |a 541 p 
942 |c BK 
945 |d 20140414  |a dcastane 
260 |a Cuernavaca  |b Siglo Veintiuno Editores  |c 1995 
650 7 |a HEGEMONIA  |2 CL-VaPUC  |9 532978 
650 0 |a Ciencias Políticas  |9 255201 
650 0 |a Movimientos sociales  |9 315241 
583 |a last modification  |c 20190819 10:20:39  |k Rodrigo Vera 
999 |c 355246  |d 355244 
952 |0 0  |1 0  |3 erb  |4 0  |6 300_000000000000000_CEC_1995  |7 0  |8 A  |9 461813  |a BIBING  |b BIBING  |i 5069009  |o 300 CEC 1995  |p 5069009  |r 2025-01-20  |w 2019-11-23  |y BK  |z Catalogado en:20140414  |k GEO